Responses for Show #3882 - Tuesday, June 19, 2001

Contestants

[<< previous game]

Jay Robison, an administrative assistant from Austin, Texas

Marian Chen, a graduate student from Jersey City, New Jersey

Chip Rossetti, an editor from Brooklyn, New York (whose 1-day cash winnings total $12,201)

[next game >>]

Jeopardy! Round responses

EARTH SCIENCES
ANTIQUES
(Alex: Old stuff!)
HAIL TO THE CHIEF
SATURDAY NIGHT LIVES
TRAVEL FUN
MUSICAL GENRES
    $100 12
Water

Chip
    $100 1
Paperweights

Chip
    $100 24
Ronald Reagan

Jay
    $100 19
(Marian: Who was Jim Belushi?)

John Belushi

ChipMarian
    $100 11
Australia

Jay
    $100 6
Rap

Chip
    $200 17
Plates

Marian
    $200 2
Punch bowl

Jay
    $200 25
Dwight D. Eisenhower

Marian
    $200 20
Chevy Chase

Jay
    $200 13
Las Vegas

Chip
    $200 7
Rock

Marian
    $300 18
Arthropods

Chip
    $300 3
(Jay: What is bronze?)

pewter

ChipJay
    $300 26
Thomas Jefferson

Marian
    $300 21
"The Not Ready For Prime Time Players"

Chip
    $300 14
Bats

Jay
    $300 8
Gospel

Jay
    $300 29
Rachel Carson

Chip
    $400 4
a chest of drawers

Chip
    $400 27
(Jay: Who was Teddy Roosevelt?)

Franklin D. Roosevelt

ChipJay
    $400 22
Father Guido Sarducci

Jay
    $400 15
Switzerland

Chip
    $400 9
Pop

Marian
    $500 30
Uranium

Jay
    $500 5
(Chip: What is pedigree?)

provenance

ChipJay
    $500 28
Warren G. Harding

Chip
    $500 23
Andrew Dice Clay

Jay
    $500 16
(Jay: What is Montreal?)

Quebec City

MarianJay
    $500 10
Country

Marian

Scores at the first commercial break (after clue 16):

Chip Marian Jay
$1,100 $1,600 $600

Scores at the end of the Jeopardy! Round:

Chip Marian Jay
$3,000 $2,200 $1,900

Double Jeopardy! Round responses

OFF & RUNNING
"TRAC" MEET
LITERATURE
NOT REALLY RELATED
THE ASTRONAUT HALL OF FAME
CITIES IN INDIA
    $200 24
4

Chip
    $200 16
Tractor

Marian
    $200 2
"Leatherstocking Tales"

Jay
    $200 21
(Marian: Who is Carly Simon?)
(Chip: Who is Simple Simon?)

Carly & Simple Simon

ChipMarian
Triple Stumper
    $200 1
(Jay: What is Texas?)

Florida

ChipJay
    $200 7
Calcutta

Jay
    $400 25
(Chip: Who was Jackie Joyner-Kersee?)

Florence Griffith Joyner

ChipJay
    $400 17
Soundtrack

Marian
    $400 9
"The Magnificent Ambersons"

Jay
    $400 22
Tori & Famous Amos

Marian
    $400 3
John Glenn

Jay
    $400 8
New Delhi

Chip
    $1,100 26
Mary Decker

Jay
    $600 18
Retraction

Marian
    $600 11
"The Old Man and the Sea"

Marian
    $600 23
Emily & hitching Post

Jay
    $600 4
(Jay: What is the lunar rover?)
(Chip: What is the lunar module?)

the command module

ChipJay
Triple Stumper
    $600 10
Bombay/Mumbai

Marian
    $800 27
(Marian: Who is Marathon?)

Paavo Nurmi

Marian
Triple Stumper
    $800 19
Extract

Marian
    $800 12
"Bohemia"

Chip
    $800 29
Catherine & Liberty Bell

Triple Stumper
    $800 5
Wally Schirra

Jay
    $800 14
Bhopal

Jay
    $1000 28
Steeplechase

Jay
    $1,500 20
Abstract

Marian
    $1000 13
"This Gun For Hire"

Triple Stumper
    $1000 30
Christopher & French Fry

Triple Stumper
    $1000 6
Gus Grissom

Jay
    $1000 15
Agra

Marian

Scores at the end of the Double Jeopardy! Round:

Chip Marian Jay
$3,400 $7,300 $8,000

[wagering suggestions for these scores]

Final Jeopardy! Round responses

HITCHCOCK FILMS
ChipWhat is North by Northwest?
$2,000
MarianWhat is North by Northwest?
$7,300
JayWhat is North by Northwest?
$7,000
North by Northwest

Final scores:

Chip Marian Jay
$5,400 $14,600 $15,000
3rd place: DirecTV Satellite System Package 2nd place: Costa Cruises 7-Night Caribbean Cruise New champion: $15,000

Game dynamics:

Coryat scores:

Chip Marian Jay
$3,500 $6,800 $7,500
17 R
(including 1 DD),
4 W
16 R
(including 1 DD),
3 W
21 R
(including 1 DD),
5 W

Combined Coryat: $17,800

[game clues] [game scores] [suggest correction]

Game tape date: 2001-02-28
The J! Archive is created by fans, for fans. Scraping, republication, monetization, and malicious use prohibited; this site may use cookies and collect identifying information. See terms. The Jeopardy! game show and all elements thereof, including but not limited to copyright and trademark thereto, are the property of Jeopardy Productions, Inc. and are protected under law. This website is not affiliated with, sponsored by, or operated by Jeopardy Productions, Inc. Join the discussion at JBoard.tv.